Le Bhoutan pour les touristes... - Statistiques

Statistiques générales
  • Ce quiz a été pris 6 fois
  • Le résultat moyen est 6 sur 20
Statistiques - réponses
Question Indice Réponses % Correct
La religion majoritaire est Bouddhisme
80%
Quel est le climat local ? T Tropical
80%
Combien d'heures (environ) mettrez-vous pour vous y rendre ? (en chiffres) 18
60%
Quelle est la langue officielle ? Dzongkha
60%
Le principal aéroport est P Paro
60%
Quelles sont les principaux lieux touristiques ? P Vallée de {Paro}
60%
Le suffixe internet est bt
40%
Quel est le régime du pays ? M C P Monarchie constitutionnelle parlementaire
40%
Dans la capitale quel est le décalage horaire avec Paris ? (+ ou - et chiffre) ex - 10 ou + 3,5 + 4
20%
Comment se nomme la principale compagnie aérienne locale D Drukair
20%
Quelle est la monnaie ? Ngultrum
20%
Achats à faire 3/ Objets en... qui ne serve pas qu'à écrire Papier
20%
Achats à faire 4/ Moulin à Prières
20%
Quelles sont les principaux lieux touristiques ? P {Punakha}
20%
Quelles sont les principaux lieux touristiques ? B Région du {Bumthang}
20%
Code sur les plaques minéralogiques BHT
0%
Achats à faire 2/ Sculpture appelée Jim-zo
0%
Quelles sont les principaux lieux touristiques ? L {Laya}
0%
Achats à faire 1/ Peintures de divinités Tangkas
0%
Quelles sont les principaux lieux touristiques ? L Territoire de {Lhuntse}
0%
Aucun quiz correspondant
Distribution des résultats
% des personnes avec chaque résultat
Percentile par nombre de réponses
Votre historique - résultats
Vous n’avez pas pris ce quiz